| 000 | 00804nam a2200265 4500 | ||
|---|---|---|---|
| 001 | 0002536 | ||
| 003 | DO-SdBNP | ||
| 005 | 20240213121835.0 | ||
| 007 | 0002536 | ||
| 008 | 160401b 1995 mx |||| 00| 0 spa d | ||
| 020 | _a9684098464 | ||
| 040 |
_aBPMSU _bspa _cBPMSU |
||
| 082 | 4 |
_a861 _bP259m 1995 _222 |
|
| 100 | 1 | _aParrao, Elsa | |
| 245 | 1 | 0 |
_aMujer con alas : _b(versos para elevarnos) / _cElsa Parrao ; prólogo Juan Antonio Razo García, |
| 246 | 1 | 4 |
_aMujer con alas : _bpoesía que elevan el canto |
| 260 |
_aMéxico : _bEdamex, _c1995 |
||
| 300 |
_a117 p. ; _c20 cm. |
||
| 590 | _aInventariado, 2024/VM | ||
| 650 | 4 |
_aMujeres _vPoesías |
|
| 650 | 4 | _aPoesías amorosa. | |
| 700 | 1 |
_aRazo García, Juan Antonio _epról. |
|
| 910 | _aVMateo. Control de calidad BPMSU | ||
| 942 |
_2ddc _cBK |
||
| 999 |
_c14566 _d14566 |
||